KOHA-Header-6

PHP,MySQL and JavaScript for dummies (Record no. 12196)

000 -LEADER
fixed length control field 00309nam a22001337a 4500
020 ## - INTERNATIONAL STANDARD BOOK NUMBER
ISBN 978-81-265-7600-5
082 ## - DEWEY DECIMAL CLASSIFICATION NUMBER
Classification number 005.27
100 ## - MAIN ENTRY--AUTHOR NAME
Personal name Richard Blum
245 ## - TITLE STATEMENT
Title PHP,MySQL and JavaScript for dummies
260 ## - PUBLICATION, DISTRIBUTION, ETC. (IMPRINT)
Place of publication New Delhi
Name of publisher Wiley
Year of publication 2018
300 ## - PHYSICAL DESCRIPTION
Number of Pages 774
650 ## - SUBJECT ADDED ENTRY--TOPICAL TERM
Topical Term Computer Science
942 ## - ADDED ENTRY ELEMENTS (KOHA)
Koha item type Books
Holdings
Withdrawn status Lost status Collection code Permanent Location Current Location Shelving location Date acquired Full call number Accession Number Koha item type
    Computer Science MAJU MAJU Shelf No.A32 2020-01-07 005.27 9466 Computer Science

Powered by Koha